=LDR 00000nam 2200000 4500 =001 INLIS000000000014750 =005 20130612110027 =008 ***********************************Ind** =035 ##$$0010-061300000014750 =041 ##$$a Ind =082 ##$$a F 813 =090 ##$$a F 813, Sug t =100 ##$$a Sugiyanta, Oegi =245 ##$$a Telur raksasa, Oegi Sugiyanta =260 ##$$a 2001 $b Yogyakarta =300 ##$$a 19 hlm, Ilus, 15 cm =650 ##$$a Fiksi Indonesia =850 ##$$a NBPNMAT